000 00310nam a22001337a 4500
008 170801b xxu||||| |||| 00| 0 eng d
020 _a0716782820
041 _aeng
080 _a004
100 _a32
101 _aSHKI
245 _aFUNDAMENTALS OF DATA STRUCTURES IN PASCAL
_cHOROWITZ, E
942 _2udc
_cBK
999 _c22445
_d22445